| 000 | 00000nam 2200000zi 4500 |
| 001 | 9.892635 |
| 003 | CaOODSP |
| 005 | 20230428075852 |
| 006 | m o d f |
| 007 | cr |n||||||||| |
| 008 | 201020e200312##oncad ob f000 0|eng d |
| 040 | |aCaOODSP|beng|erda|cCaOODSP |
| 043 | |an-cn--- |
| 086 | 1 |aIu188-146/2003E-PDF |
| 100 | 1 |aOrser, Barbara, |eauthor. |
| 245 | 10|aManagement competencies and SME performance criteria : |ba pilot study / |cprepared by Dr. Barbara Orser and Dr. Allan Riding, Equinox Management Consultants Ltd. |
| 264 | 1|a[Ottawa] : |bSmall Business Policy Branch, Industry Canada, |cDecember 2003. |
| 300 | |a1 online resource (98 pages) : |billustrations, charts |
| 336 | |atext|btxt|2rdacontent |
| 337 | |acomputer|bc|2rdamedia |
| 338 | |aonline resource|bcr|2rdacarrier |
| 500 | |aDigitized edition from print [produced by Innovation, Science and Economic Development Canada]. |
| 504 | |aIncludes bibliographical references. |
| 650 | 0|aSmall business|zCanada|xManagement. |
| 650 | 0|aSuccess in business|zCanada. |
| 650 | 0|aIndustrial surveys|zCanada. |
| 650 | 6|aPetites et moyennes entreprises|zCanada|xGestion. |
| 650 | 6|aSuccès dans les affaires|zCanada. |
| 650 | 6|aIndustrie|xEnquêtes|zCanada. |
| 710 | 1 |aCanada. |bIndustry Canada, |eissuing body. |
| 856 | 40|qPDF|s2.42 MB|uhttps://publications.gc.ca/collections/collection_2023/isde-ised/Iu188-146-2003-eng.pdf |